[Event "34th European Club Cup 2018"]
[Site "Halkidiki"]
[Date "2018.10.14"]
[Round "3"]
[White "Zilles, Paul"]
[Black "Jap Tjoen San, Linda"]
[Result "0-1"]
[WhiteElo "1771"]
[BlackElo "2086"]
[Annotator "NA"]
[PlyCount "110"]
[EventDate "2018.10.12"]
[EventType "team-tourn"]
[EventCountry "GRE"]
[SourceTitle "playchess.com"]
[Source "ChessBase"]
[SourceQuality "1"]
[WhiteTeam "Wirtzfeld"]
[BlackTeam "Leiden"]

1. d4 d5 2. c4 e6 3. Nc3 Nf6 4. a3 c5 5. e3 dxc4 6. Bxc4 Be7 7. Nf3 O-O 8. O-O Nc6 9. dxc5 Bxc5 10. b4 Bd6 11. Bb2 a6 12. b5 Ne5 13. Be2 Nxf3+ 14. Bxf3 Qc7 15. g3 Rd8 16. Qb3 axb5 17. Nxb5 Qb6 18. Rfd1 e5 19. Bd5 Nxd5 20. Qxd5 Be6 21. Qd3 Bf8 22. Qe2 Rxd1+ 23. Rxd1 Rc8 24. Nc3 Qb3 25. Ne4 f6 26. Rd3 Qa4 27. Nc3 Qc6 28. Qd1 Bh3 29. Qb3+ Kh8 30. Qd5 Qxd5 31. Rxd5 Kg8 32. Ne4 Rc2 33. Rd2 Rxd2 34. Nxd2 Kf7 35. f4 Bc5 36. Kf2 exf4 37. gxf4 Be6 38. Nf3 Bd5 39. Nd2 Kg6 40. Nf1 Kf5 41. h3 Ke4 42. Ng3+ Kd3 43. Nf5 g6 44. Nd4 f5 45. a4 Kc4 46. Ne2 Bc6 47. a5 Bb4 48. a6 bxa6 49. Bf6 a5 50. Nd4 Bd5 51. Nc2 Bc3 52. Be7 Kd3 53. Na3 Bb4 54. Bxb4 axb4 55. Nb5 Bc4 0-1

[Event "34th European Club Cup 2018"]
[Site "Halkidiki"]
[Date "2018.10.14"]
[Round "3"]
[White "Fyntrilakis, Kyriakos"]
[Black "Adams, Philip"]
[Result "1/2-1/2"]
[WhiteElo "1746"]
[BlackElo "1980"]
[Annotator "NA"]
[PlyCount "107"]
[EventDate "2018.10.12"]
[EventType "team-tourn"]
[EventCountry "GRE"]
[SourceTitle "playchess.com"]
[Source "ChessBase"]
[SourceQuality "1"]
[WhiteTeam "Chania CC"]
[BlackTeam "Oldham"]

1. e4 c5 2. Nf3 Nc6 3. d4 cxd4 4. Nxd4 g6 5. Nc3 Bg7 6. Be3 Nf6 7. Be2 O-O 8. O-O d6 9. f3 d5 10. Nxc6 bxc6 11. e5 Nd7 12. f4 e6 13. Na4 Qa5 14. c3 f6 15. b4 Qc7 16. exf6 Nxf6 17. Nc5 e5 18. fxe5 Qxe5 19. Bd4 Qc7 20. Bf3 Bd7 21. Kh1 Rae8 22. b5 Kh8 23. Nxd7 Qxd7 24. bxc6 Qxc6 25. Rc1 Ne4 26. Bxg7+ Kxg7 27. Qd4+ Qf6 28. Qxa7+ Re7 29. Qa5 Nd2 30. Rf2 Nxf3 31. Rxf3 Qe5 32. Rxf8 Kxf8 33. Qc5 Kg8 34. Rf1 Kg7 35. a4 Qe2 36. Qd4+ Qe5 37. Qf2 h5 38. Qf8+ Kh7 39. a5 Rc7 40. h3 Qxc3 41. a6 Qg7 42. Qxg7+ Kxg7 43. Rb1 Kf6 44. Kg1 Kf5 45. Kf2 Rc2+ 46. Ke3 Ra2 47. Rb6 Ra4 48. Rd6 d4+ 49. Kd3 g5 50. Rd5+ Kf6 51. Rxd4 Rxa6 52. Ke4 Re6+ 53. Kf3 Ra6 54. Rd3 1/2-1/2

[Event "34th European Club Cup 2018"]
[Site "Halkidiki"]
[Date "2018.10.14"]
[Round "3"]
[White "Sakalli, Selcuk Orkun"]
[Black "Csonka, Attila Istvan"]
[Result "0-1"]
[WhiteElo "1686"]
[BlackElo "2353"]
[Annotator "NA"]
[PlyCount "68"]
[EventDate "2018.10.12"]
[EventType "team-tourn"]
[EventCountry "GRE"]
[SourceTitle "playchess.com"]
[Source "ChessBase"]
[SourceQuality "1"]
[WhiteTeam "Overtime"]
[BlackTeam "Dunajska Streda"]

1. d4 Nf6 2. c4 e6 3. Nc3 Bb4 4. Bg5 c5 5. d5 d6 6. e3 h6 7. Bh4 exd5 8. cxd5 O-O 9. Bd3 Nbd7 10. Nge2 Ne5 11. Bc2 Ng6 12. Bg3 a6 13. O-O Qe7 14. Nf4 Nxf4 15. Bxf4 Bxc3 16. bxc3 Bd7 17. Re1 Ng4 18. Qd3 f5 19. e4 fxe4 20. Qg3 Rf6 21. Rxe4 Qf8 22. Be3 Nxe3 23. Rxe3 Re8 24. Rae1 Rxe3 25. Qxe3 Bf5 26. Bxf5 Rxf5 27. Qe6+ Qf7 28. Qc8+ Kh7 29. Qe6 Qf8 30. f3 b5 31. Re4 a5 32. a3 Qf6 33. Kf2 Qg5 34. Rg4 Qxg4 0-1

[Event "34th European Club Cup 2018"]
[Site "Halkidiki"]
[Date "2018.10.15"]
[Round "4"]
[White "Ding, Liren"]
[Black "Svidler, Peter"]
[Result "1-0"]
[WhiteElo "2804"]
[BlackElo "2756"]
[Annotator "TA"]
[PlyCount "81"]
[EventDate "2018.10.12"]
[EventType "team-tourn"]
[EventCountry "GRE"]
[SourceTitle "playchess.com"]
[Source "ChessBase"]
[SourceQuality "1"]
[WhiteTeam "Alkaloid"]
[BlackTeam "St.Petersburg"]

1. d4 Nf6 2. c4 g6 3. f3 Nc6 4. d5 Ne5 5. e4 d6 6. Nc3 c6 7. f4 Ned7 8. Nh3 Nc5 9. Nf2 Bg7 10. Be2 O-O 11. Be3 cxd5 12. cxd5 Qa5 13. O-O Bd7 14. e5 Ne8 15. Qd4 Na4 16. Nxa4 Qxa4 17. Rac1 Qa5 18. Ne4 Bb5 19. Bxb5 Qxb5 20. b3 dxe5 21. fxe5 Nd6 22. Bf4 Rac8 23. Nc3 Qa5 24. Qd3 Nf5 25. g4 Qb6+ 26. Kh1 Qd4 27. Qe4 Qxe4+ 28. Nxe4 Nd4 29. Rcd1 Ne2 30. Bg5 f6 31. exf6 exf6 32. Nxf6+ Bxf6 33. Bxf6 Nc3 34. Rd4 Rcd8 35. Bxd8 Rxf1+ 36. Kg2 Rf7 37. d6 Rd7 38. Bg5 Nxa2 39. Bd2 b5 40. b4 Kf7 41. Rd3 1-0

[Event "34th European Club Cup 2018"]
[Site "Halkidiki"]
[Date "2018.10.15"]
[Round "4"]
[White "Naiditsch, Arkadij"]
[Black "Postny, Evgeny"]
[Result "1/2-1/2"]
[WhiteElo "2721"]
[BlackElo "2612"]
[Annotator "TA"]
[PlyCount "91"]
[EventDate "2018.10.12"]
[EventType "team-tourn"]
[EventCountry "GRE"]
[SourceTitle "playchess.com"]
[Source "ChessBase"]
[SourceQuality "1"]
[WhiteTeam "Odlar Yurdu"]
[BlackTeam "Beer Sheva"]

1. e4 e5 2. Nf3 Nc6 3. Bb5 a6 4. Ba4 Nf6 5. O-O Be7 6. d3 b5 7. Bb3 d6 8. a3 O-O 9. Nc3 Bg4 10. Be3 Nd4 11. Bxd4 exd4 12. Nd5 Nd7 13. h3 Bxf3 14. Qxf3 c6 15. Nxe7+ Qxe7 16. Qg3 a5 17. f4 Rab8 18. Qf2 a4 19. Ba2 c5 20. Rae1 Kh8 21. c3 dxc3 22. bxc3 b4 23. cxb4 cxb4 24. axb4 Rxb4 25. Qa7 Qd8 26. Rb1 Rxb1 27. Bxb1 Nc5 28. d4 Nb3 29. Qxa4 Nd2 30. Rd1 Qh4 31. Qc2 Nxb1 32. Rxb1 Qxf4 33. Rb3 h6 34. Rf3 Qh4 35. Qc6 Kg8 36. Kh2 Qe7 37. Qd5 Re8 38. Rb3 Qxe4 39. Qxd6 Re6 40. Qb8+ Kh7 41. Rf3 Qxd4 42. Qb1+ Kg8 43. Qb8+ Kh7 44. Qb1+ Qe4 45. Qxe4+ Rxe4 46. Rxf7 1/2-1/2

[Event "34th European Club Cup 2018"]
[Site "Halkidiki"]
[Date "2018.10.15"]
[Round "4"]
[White "Vallejo Pons, Francisco"]
[Black "Varga, Zoltan"]
[Result "1-0"]
[WhiteElo "2713"]
[BlackElo "2448"]
[Annotator "TA"]
[PlyCount "67"]
[EventDate "2018.10.12"]
[EventType "team-tourn"]
[EventCountry "GRE"]
[SourceTitle "playchess.com"]
[Source "ChessBase"]
[SourceQuality "1"]
[WhiteTeam "Padova"]
[BlackTeam "Dunajska Streda"]

1. e4 Nf6 2. e5 Nd5 3. d4 d6 4. Nf3 Nb6 5. a4 a5 6. exd6 exd6 7. Bd3 Bg4 8. Nbd2 Be7 9. Ne4 Bh5 10. Ng3 Bg6 11. Nf5 O-O 12. h4 c5 13. h5 Bxf5 14. Bxf5 Nc6 15. O-O Bf6 16. dxc5 dxc5 17. c3 Qxd1 18. Rxd1 Rad8 19. Re1 Rfe8 20. Be4 Re6 21. Kf1 h6 22. Ra3 c4 23. Bf4 Nd7 24. Nd2 Nc5 25. Bc2 Rxe1+ 26. Kxe1 Rd5 27. Nxc4 Rxh5 28. Ke2 Rh4 29. g3 Rh1 30. Bd6 Rh5 31. Ra1 Rd5 32. Rd1 Rxd1 33. Kxd1 Na6 34. Be4 1-0

[Event "34th European Club Cup 2018"]
[Site "Halkidiki"]
[Date "2018.10.15"]
[Round "4"]
[White "Vitiugov, Nikita"]
[Black "Yu, Yangyi"]
[Result "1/2-1/2"]
[WhiteElo "2709"]
[BlackElo "2765"]
[Annotator "TA"]
[PlyCount "60"]
[EventDate "2018.10.12"]
[EventType "team-tourn"]
[EventCountry "GRE"]
[SourceTitle "playchess.com"]
[Source "ChessBase"]
[SourceQuality "1"]
[WhiteTeam "St.Petersburg"]
[BlackTeam "Alkaloid"]

1. e4 e5 2. Nf3 Nf6 3. Nc3 Nc6 4. d4 exd4 5. Nxd4 Bb4 6. Nxc6 bxc6 7. Bd3 d5 8. Bd2 Bg4 9. f3 Bxc3 10. Bxc3 dxe4 11. Bxf6 Qxf6 12. Bxe4 O-O 13. O-O Bf5 14. Bxf5 Qxf5 15. Qd2 Rad8 16. Qc3 Rd5 17. Rf2 Rc5 18. Qd4 Rxc2 19. Qxa7 c5 20. Raf1 Rxf2 21. Rxf2 Qb1+ 22. Rf1 Qxb2 23. Qxc5 Qxa2 24. Qxc7 h6 25. Qc3 Re8 26. Re1 Qa7+ 27. Kf1 Qa6+ 28. Kg1 Qb6+ 29. Kf1 Qa6+ 30. Kg1 Qb6+ 1/2-1/2

[Event "34th European Club Cup 2018"]
[Site "Halkidiki"]
[Date "2018.10.15"]
[Round "4"]
[White "Eljanov, Pavel"]
[Black "Rodshtein, Maxim"]
[Result "1-0"]
[WhiteElo "2703"]
[BlackElo "2674"]
[Annotator "TA"]
[PlyCount "85"]
[EventDate "2018.10.12"]
[EventType "team-tourn"]
[EventCountry "GRE"]
[SourceTitle "playchess.com"]
[Source "ChessBase"]
[SourceQuality "1"]
[WhiteTeam "Alkaloid"]
[BlackTeam "St.Petersburg"]

1. e4 e5 2. Nf3 Nc6 3. Bc4 Bc5 4. O-O Nf6 5. d3 d6 6. c3 a6 7. a4 O-O 8. h3 Ba7 9. Re1 Ne7 10. d4 Ng6 11. Nbd2 c6 12. Bf1 Re8 13. dxe5 dxe5 14. Qc2 Nh5 15. Nc4 Nhf4 16. Be3 Qf6 17. Bxa7 Rxa7 18. Re3 b5 19. Nb6 Rb7 20. Nxc8 Rxc8 21. g3 Ne6 22. h4 Rd8 23. axb5 axb5 24. Rd3 Rbb8 25. Rxd8+ Rxd8 26. Qe2 Nc5 27. Qe3 Qe7 28. h5 Nf8 29. h6 g6 30. c4 b4 31. Ra5 Nfd7 32. Bh3 Qd6 33. Bxd7 Nxd7 34. Kg2 f6 35. Qa7 Kf8 36. c5 Qb8 37. Qa6 Qc7 38. Ne1 b3 39. Nd3 Rb8 40. Ra3 Ke7 41. Qc4 Qb7 42. Ra5 g5 43. Qa4 1-0

[Event "34th European Club Cup 2018"]
[Site "Halkidiki"]
[Date "2018.10.15"]
[Round "4"]
[White "Ragger, Markus"]
[Black "Papadimitriou, Athanasios"]
[Result "1-0"]
[WhiteElo "2690"]
[BlackElo "2265"]
[Annotator "TA"]
[PlyCount "163"]
[EventDate "2018.10.12"]
[EventType "team-tourn"]
[EventCountry "GRE"]
[SourceTitle "playchess.com"]
[Source "ChessBase"]
[SourceQuality "1"]
[WhiteTeam "Novy Bor"]
[BlackTeam "Thessalonikis"]

1. e4 d5 2. exd5 Qxd5 3. Nc3 Qd8 4. d4 Nf6 5. Nf3 Bg4 6. h3 Bxf3 7. Qxf3 c6 8. Qd3 Nbd7 9. g3 e6 10. Bg2 Be7 11. O-O O-O 12. a4 a5 13. Nd1 Qb6 14. Ne3 Qa6 15. Rd1 Nd5 16. Nc4 c5 17. dxc5 Nxc5 18. Qf1 Rfd8 19. Bd2 b6 20. Ne3 Qxf1+ 21. Kxf1 Rac8 22. Nxd5 exd5 23. Be3 Bf6 24. c3 Nb3 25. Ra3 d4 26. Rxb3 dxe3 27. Rxd8+ Bxd8 28. fxe3 Rc5 29. Ke2 h5 30. Bf3 Bc7 31. g4 hxg4 32. hxg4 Kh7 33. Ra3 Kh6 34. Ra1 Be5 35. Rd1 Rc4 36. Rd7 Rc7 37. Rd5 Re7 38. Kd3 Re6 39. Rb5 Bg3 40. g5+ Kh7 41. Bd5 Rd6 42. Ke4 f6 43. gxf6 gxf6 44. Kf5 Be5 45. e4 Kg7 46. c4 Bd4 47. b4 axb4 48. a5 bxa5 49. c5 Rd7 50. Rxa5 Rc7 51. c6 b3 52. Bxb3 Rxc6 53. Ra8 Rb6 54. Bd5 Rd6 55. Rb8 Rb6 56. Rc8 Rd6 57. Kg4 Be5 58. Re8 Bd4 59. Kh5 f5 60. Re7+ Kh8 61. Be6 Bf6 62. Re8+ Kg7 63. Bxf5 Bd8 64. Kg4 Kf7 65. Rh8 Kf6 66. Kf4 Rd4 67. Rh6+ Kg7 68. Rc6 Bf6 69. Rc7+ Kf8 70. Be6 Be7 71. Kf5 Rd2 72. Bd5 Rh2 73. Rc8+ Kg7 74. e5 Rf2+ 75. Ke6 Bf8 76. Rc3 Re2 77. Rg3+ Kh6 78. Bc4 Re4 79. Bd3 Rf4 80. Bf5 Rf2 81. Kf6 Rh2 82. Rg8 1-0

[Event "34th European Club Cup 2018"]
[Site "Halkidiki"]
[Date "2018.10.15"]
[Round "4"]
[White "Matlakov, Maxim"]
[Black "Jakovenko, Dmitry"]
[Result "1/2-1/2"]
[WhiteElo "2683"]
[BlackElo "2752"]
[Annotator "TA"]
[PlyCount "69"]
[EventDate "2018.10.12"]
[EventType "team-tourn"]
[EventCountry "GRE"]
[SourceTitle "playchess.com"]
[Source "ChessBase"]
[SourceQuality "1"]
[WhiteTeam "St.Petersburg"]
[BlackTeam "Alkaloid"]

1. c4 c5 2. Nf3 Nf6 3. Nc3 e6 4. e3 d5 5. d4 Nc6 6. cxd5 exd5 7. Bb5 Bd6 8. dxc5 Bxc5 9. O-O O-O 10. b3 Bg4 11. Bb2 Rc8 12. Rc1 Bd6 13. Be2 Bb8 14. Nd4 Qd6 15. g3 Bh3 16. Re1 Rfd8 17. Nxc6 bxc6 18. Na4 Bc7 19. Qd4 Ba5 20. Red1 Qe7 21. a3 Rd6 22. b4 Bd8 23. Nc5 Bb6 24. Qh4 Bf5 25. Bd3 Bg6 26. Bf1 Re8 27. Bg2 h6 28. a4 Bxc5 29. Bxf6 Rxf6 30. Rxc5 Be4 31. Bxe4 dxe4 32. Qh5 Qe6 33. Qe2 Qb3 34. Rd4 Qxa4 35. Ra5 1/2-1/2

[Event "34th European Club Cup 2018"]
[Site "Halkidiki"]
[Date "2018.10.15"]
[Round "4"]
[White "Safarli, Eltaj"]
[Black "Huzman, Alexander"]
[Result "0-1"]
[WhiteElo "2676"]
[BlackElo "2571"]
[Annotator "TA"]
[PlyCount "110"]
[EventDate "2018.10.12"]
[EventType "team-tourn"]
[EventCountry "GRE"]
[SourceTitle "playchess.com"]
[Source "ChessBase"]
[SourceQuality "1"]
[WhiteTeam "Odlar Yurdu"]
[BlackTeam "Beer Sheva"]

1. e4 e6 2. d4 d5 3. exd5 exd5 4. c4 Bb4+ 5. Nc3 Nf6 6. Bd3 O-O 7. Nge2 dxc4 8. Bxc4 h6 9. O-O Nc6 10. Qd3 Na5 11. Bb5 a6 12. Ba4 c5 13. d5 c4 14. Qg3 Bd6 15. Qh4 Bf5 16. Nd4 Bd3 17. Rd1 Nxd5 18. Qh5 Nf6 19. Qh3 Bxh2+ 20. Qxh2 Qxd4 21. Be3 Qd8 22. Bc5 b5 23. Bxf8 Qxf8 24. Qc7 Qb4 25. a3 Qxb2 26. Qxa5 bxa4 27. Nxa4 Qd4 28. Nc5 Rc8 29. Nxd3 cxd3 30. Qf5 Rd8 31. Rab1 a5 32. Rb3 d2 33. Qxa5 Ng4 34. Qf5 Re8 35. Rbb1 h5 36. g3 Qc3 37. Kg2 g6 38. Qf3 Qc2 39. a4 Kg7 40. Qb3 Qe4+ 41. Qf3 Nxf2 42. Kxf2 Qd4+ 43. Kg2 Re3 44. Qf2 Qe4+ 45. Kg1 Re2 46. Ra1 Rxf2 47. Kxf2 Qd4+ 48. Ke2 Qe5+ 49. Kf2 Qa5 50. Kg2 g5 51. Kh2 Qe5 52. a5 Qe2+ 53. Kh1 h4 54. g4 f5 55. a6 fxg4 0-1

[Event "34th European Club Cup 2018"]
[Site "Halkidiki"]
[Date "2018.10.15"]
[Round "4"]
[White "Edouard, Romain"]
[Black "Agrest, Evgenij"]
[Result "1/2-1/2"]
[WhiteElo "2646"]
[BlackElo "2580"]
[Annotator "TA"]
[PlyCount "79"]
[EventDate "2018.10.12"]
[EventType "team-tourn"]
[EventCountry "GRE"]
[SourceTitle "playchess.com"]
[Source "ChessBase"]
[SourceQuality "1"]
[WhiteTeam "KGSRL"]
[BlackTeam "Team Viking"]

1. e4 c6 2. d4 d5 3. e5 Bf5 4. Nf3 e6 5. Be2 Ne7 6. c3 Nc8 7. Qb3 b6 8. a4 Be7 9. O-O O-O 10. Be3 a5 11. Na3 Nd7 12. Qd1 Na7 13. Ne1 c5 14. Bd3 Bg6 15. Bxg6 fxg6 16. Nd3 Re8 17. Qg4 cxd4 18. cxd4 Bxa3 19. Rxa3 Nf8 20. h4 Qd7 21. Nf4 Rac8 22. h5 Qf7 23. Rb3 Rc6 24. hxg6 Nxg6 25. Nxg6 Qxg6 26. Qxg6 hxg6 27. Kh2 Rb8 28. Bd2 Rcc8 29. Rd1 Kf7 30. Rf3+ Kg8 31. Rg3 Kf7 32. Bc3 Rc4 33. b3 Rc6 34. Rdd3 Rh8+ 35. Kg1 Rh5 36. Rgf3+ Ke8 37. g4 Rh8 38. Kg2 Rc8 39. Bd2 Rc2 40. Bg5 1/2-1/2

[Event "34th European Club Cup 2018"]
[Site "Halkidiki"]
[Date "2018.10.15"]
[Round "4"]
[White "Alekseenko, Kirill"]
[Black "Kryvoruchko, Yuriy"]
[Result "1-0"]
[WhiteElo "2639"]
[BlackElo "2697"]
[Annotator "TA"]
[PlyCount "103"]
[EventDate "2018.10.12"]
[EventType "team-tourn"]
[EventCountry "GRE"]
[SourceTitle "playchess.com"]
[Source "ChessBase"]
[SourceQuality "1"]
[WhiteTeam "St.Petersburg"]
[BlackTeam "Alkaloid"]

1. e4 e5 2. Nf3 Nc6 3. Bb5 Nf6 4. d3 Bc5 5. Bxc6 dxc6 6. Qe2 Nd7 7. Be3 Qe7 8. Nbd2 Bxe3 9. Qxe3 c5 10. Nc4 b6 11. O-O O-O 12. Qd2 Re8 13. Rae1 a5 14. a4 Ba6 15. Ne3 Nf8 16. h4 f6 17. b3 Ne6 18. g3 Rad8 19. Kh2 Qf7 20. Qe2 Bc8 21. Nf5 Qd7 22. Rh1 g6 23. Ne3 h5 24. Qf1 Kg7 25. Qg2 Bb7 26. Rhf1 Qe7 27. Qh3 Bc8 28. Qg2 Bb7 29. Rg1 Qf7 30. Qh3 Bc8 31. Qf1 Nd4 32. Nxd4 cxd4 33. Nc4 Be6 34. f4 Bxc4 35. bxc4 f5 36. Rg2 Rd6 37. Rf2 Rf6 38. Kg1 fxe4 39. Rxe4 exf4 40. gxf4 Rxe4 41. dxe4 Rc6 42. Qh3 Rxc4 43. f5 Rc6 44. Qd3 Qf6 45. Qb5 Rc3 46. Rg2 Qxh4 47. Qe5+ Kf8 48. Qh8+ Kf7 49. fxg6+ Ke6 50. Qg8+ Kd7 51. Qf7+ Kc8 52. g7 1-0

[Event "34th European Club Cup 2018"]
[Site "Halkidiki"]
[Date "2018.10.15"]
[Round "4"]
[White "Abasov, Nijat"]
[Black "Greenfeld, Alon"]
[Result "1-0"]
[WhiteElo "2627"]
[BlackElo "2495"]
[Annotator "TA"]
[PlyCount "57"]
[EventDate "2018.10.12"]
[EventType "team-tourn"]
[EventCountry "GRE"]
[SourceTitle "playchess.com"]
[Source "ChessBase"]
[SourceQuality "1"]
[WhiteTeam "Odlar Yurdu"]
[BlackTeam "Beer Sheva"]

1. e4 c5 2. c3 Nf6 3. e5 Nd5 4. Nf3 Nc6 5. Bc4 Nb6 6. Bb3 c4 7. Bc2 d6 8. exd6 Qxd6 9. O-O g6 10. Na3 Bg7 11. Qe2 Qe6 12. Re1 Qxe2 13. Rxe2 Bg4 14. b3 Nb4 15. Be4 f5 16. Bxb7 Rb8 17. Nxc4 Nxc4 18. bxc4 Rxb7 19. Rb1 a5 20. Ba3 O-O 21. cxb4 e5 22. h3 Bh5 23. Ree1 Rd8 24. bxa5 Rxb1 25. Rxb1 e4 26. a6 exf3 27. a7 Be5 28. d4 Ra8 29. Bc5 1-0

[Event "34th European Club Cup 2018"]
[Site "Halkidiki"]
[Date "2018.10.15"]
[Round "4"]
[White "Bauer, Christian"]
[Black "Gorodetzky, David"]
[Result "1-0"]
[WhiteElo "2626"]
[BlackElo "2452"]
[Annotator "TA"]
[PlyCount "101"]
[EventDate "2018.10.12"]
[EventType "team-tourn"]
[EventCountry "GRE"]
[SourceTitle "playchess.com"]
[Source "ChessBase"]
[SourceQuality "1"]
[WhiteTeam "Zurich"]
[BlackTeam "Rehovot"]

1. c4 e6 2. Nf3 Nf6 3. b3 b6 4. g3 Bb7 5. Bg2 c5 6. O-O Be7 7. Nc3 d5 8. e3 O-O 9. Bb2 dxc4 10. bxc4 Nc6 11. Qe2 Rc8 12. Rfd1 Qc7 13. d3 Rfd8 14. Ne1 Ne8 15. f4 Nd6 16. Rab1 Rb8 17. Ba1 Ba8 18. Nf3 a6 19. a4 Nb4 20. e4 Nc6 21. Rd2 Nd4 22. Qf2 Nb7 23. Nxd4 cxd4 24. Ne2 a5 25. e5 Bb4 26. Rdd1 Nc5 27. Nxd4 Bxg2 28. Qxg2 Nxa4 29. Nc6 Nc3 30. Bxc3 Bxc3 31. d4 Rbc8 32. d5 Rd7 33. Qf2 exd5 34. cxd5 Rxd5 35. Rxd5 Qxc6 36. Rd6 Qe4 37. Rbd1 h5 38. Qxb6 a4 39. Rd8+ Rxd8 40. Qxd8+ Kh7 41. Qd3 Qxd3 42. Rxd3 Bb2 43. Rd6 a3 44. Ra6 f6 45. e6 Bd4+ 46. Kg2 Bc5 47. Ra5 Bb4 48. Rxh5+ Kg6 49. g4 f5 50. Rxf5 a2 51. e7 1-0

[Event "34th European Club Cup 2018"]
[Site "Halkidiki"]
[Date "2018.10.15"]
[Round "4"]
[White "Tari, Aryan"]
[Black "Swinkels, Robin"]
[Result "1-0"]
[WhiteElo "2618"]
[BlackElo "2486"]
[Annotator "TA"]
[PlyCount "111"]
[EventDate "2018.10.12"]
[EventType "team-tourn"]
[EventCountry "GRE"]
[SourceTitle "playchess.com"]
[Source "ChessBase"]
[SourceQuality "1"]
[WhiteTeam "Valerenga"]
[BlackTeam "Aachen"]

1. c4 e5 2. Nc3 Bb4 3. Nd5 Bc5 4. e3 Nf6 5. b4 Be7 6. Nxe7 Qxe7 7. a3 a5 8. b5 d6 9. Be2 O-O 10. d3 Nbd7 11. Nf3 e4 12. dxe4 Nxe4 13. Bb2 Ndc5 14. Nd4 Bd7 15. O-O b6 16. Qc2 f5 17. Rae1 Qg5 18. Bd1 Rae8 19. f3 Nf6 20. Qd2 Re7 21. Bc2 Kh8 22. Nc6 Bxc6 23. bxc6 h5 24. Qf2 h4 25. Bc1 Nh5 26. Rd1 f4 27. Rd4 Ng3 28. Re1 Rfe8 29. e4 Nh5 30. Rd5 Re5 31. Bb2 Nf6 32. Bxe5 Nxd5 33. Bxd6 Ne3 34. Bxf4 Qxf4 35. Qxe3 Qxe3+ 36. Rxe3 g5 37. e5 Kg7 38. Bf5 Kf7 39. Bd7 Rf8 40. e6+ Ke7 41. Re5 Rg8 42. g3 hxg3 43. hxg3 Rg6 44. Kg2 Rg8 45. Kh3 Kf6 46. Re3 Rg7 47. Kg4 Re7 48. f4 Rg7 49. fxg5+ Rxg5+ 50. Kh4 Rg7 51. g4 Rh7+ 52. Kg3 Rg7 53. Kf4 Ke7 54. g5 Rg8 55. Kg4 a4 56. Re5 1-0

[Event "34th European Club Cup 2018"]
[Site "Halkidiki"]
[Date "2018.10.15"]
[Round "4"]
[White "Roiz, Michael"]
[Black "Mamedov, Rauf"]
[Result "1/2-1/2"]
[WhiteElo "2607"]
[BlackElo "2699"]
[Annotator "TA"]
[PlyCount "75"]
[EventDate "2018.10.12"]
[EventType "team-tourn"]
[EventCountry "GRE"]
[SourceTitle "playchess.com"]
[Source "ChessBase"]
[SourceQuality "1"]
[WhiteTeam "Beer Sheva"]
[BlackTeam "Odlar Yurdu"]

1. d4 Nf6 2. c4 g6 3. g3 c6 4. Bg2 d5 5. Qa4 Nfd7 6. cxd5 Nb6 7. Qd1 cxd5 8. Nc3 Bg7 9. Nf3 Nc6 10. e3 O-O 11. O-O Bd7 12. b3 Bg4 13. Qd2 Bxf3 14. Bxf3 e5 15. dxe5 Bxe5 16. Bb2 d4 17. exd4 Nxd4 18. Qd3 Nxf3+ 19. Qxf3 Qf6 20. Qxf6 Bxf6 21. Rfd1 Rac8 22. Rd3 Rc6 23. Rb1 Rd8 24. Rxd8+ Bxd8 25. Nb5 a6 26. Re1 Bf6 27. Bxf6 Rxf6 28. Nc3 Kf8 29. Kf1 Rd6 30. Re3 Nd7 31. Ke2 Nf6 32. Ne4 Nxe4 33. Rxe4 b5 34. Re5 Rc6 35. Kd3 f6 36. Re2 Rd6+ 37. Kc3 a5 38. a3 1/2-1/2

[Event "34th European Club Cup 2018"]
[Site "Halkidiki"]
[Date "2018.10.15"]
[Round "4"]
[White "Indjic, Aleksandar"]
[Black "Pijpers, Arthur"]
[Result "1/2-1/2"]
[WhiteElo "2604"]
[BlackElo "2465"]
[Annotator "TA"]
[PlyCount "82"]
[EventDate "2018.10.12"]
[EventType "team-tourn"]
[EventCountry "GRE"]
[SourceTitle "playchess.com"]
[Source "ChessBase"]
[SourceQuality "1"]
[WhiteTeam "Itaka"]
[BlackTeam "Leiden"]

1. g3 e5 2. Bg2 d5 3. d3 Nc6 4. Nf3 Be6 5. c3 h6 6. Nbd2 f5 7. e4 Qf6 8. O-O dxe4 9. dxe4 f4 10. gxf4 Qxf4 11. b4 Qf6 12. Qa4 Bd6 13. b5 Nd8 14. b6+ c6 15. Qxa7 Rc8 16. Qa4 Bc5 17. Rb1 Ne7 18. Nb3 Bxb6 19. Nbd4 Bc5 20. Nxe6 Qxe6 21. Be3 b5 22. Qb3 Bxe3 23. fxe3 Ra8 24. Rbd1 Qxb3 25. axb3 O-O 26. Bh3 Ng6 27. Bf5 Rf6 28. Ra1 Rxa1 29. Rxa1 Ne7 30. Ra8 Rf8 31. Nxe5 Nf7 32. Rxf8+ Kxf8 33. Nxf7 Kxf7 34. Bd7 Kf6 35. Kf2 Ke5 36. Kf3 Kd6 37. Be8 Ke5 38. h3 g6 39. b4 g5 40. Bf7 Kf6 41. Be8 Ke5 1/2-1/2

[Event "34th European Club Cup 2018"]
[Site "Halkidiki"]
[Date "2018.10.15"]
[Round "4"]
[White "Chigaev, Maksim"]
[Black "Baldauf, Marco"]
[Result "1-0"]
[WhiteElo "2599"]
[BlackElo "2472"]
[Annotator "TA"]
[PlyCount "69"]
[EventDate "2018.10.12"]
[EventType "team-tourn"]
[EventCountry "GRE"]
[SourceTitle "playchess.com"]
[Source "ChessBase"]
[SourceQuality "1"]
[WhiteTeam "Molodezhka"]
[BlackTeam "Berlin"]

1. e4 c6 2. d4 d5 3. exd5 cxd5 4. Bd3 Nc6 5. c3 Nf6 6. h3 Qc7 7. Nf3 g6 8. Qc2 Nh5 9. Qb3 Nf4 10. Bxf4 Qxf4 11. O-O e6 12. c4 dxc4 13. Bxc4 Bd6 14. g3 Qf6 15. d5 exd5 16. Re1+ Ne7 17. Bxd5 O-O 18. Nc3 Nxd5 19. Nxd5 Qg7 20. Ng5 b6 21. Ne4 Be5 22. Ne7+ Kh8 23. Nxc8 Raxc8 24. Re2 Qh6 25. h4 Rc1+ 26. Re1 Rxa1 27. Rxa1 Qg7 28. Rd1 Bxb2 29. Rd7 Kg8 30. Rxa7 Bd4 31. Kg2 Qe5 32. Qf3 h6 33. Rd7 h5 34. a4 Kg7 35. Ng5 1-0

[Event "34th European Club Cup 2018"]
[Site "Halkidiki"]
[Date "2018.10.15"]
[Round "4"]
[White "Andersen, Mads"]
[Black "Speelman, Jon S"]
[Result "1/2-1/2"]
[WhiteElo "2597"]
[BlackElo "2496"]
[Annotator "TA"]
[PlyCount "60"]
[EventDate "2018.10.12"]
[EventType "team-tourn"]
[EventCountry "GRE"]
[SourceTitle "playchess.com"]
[Source "ChessBase"]
[SourceQuality "1"]
[WhiteTeam "Solingen"]
[BlackTeam "Wood Green"]

1. e4 c6 2. d4 d5 3. exd5 cxd5 4. c4 Nf6 5. Nc3 e6 6. Nf3 Bb4 7. cxd5 Nxd5 8. Qc2 Nc6 9. a3 Be7 10. Bd3 h6 11. O-O O-O 12. Qe2 a6 13. Rd1 Qd6 14. Ne4 Qc7 15. Be3 e5 16. Rac1 Bg4 17. dxe5 Nxe3 18. Qxe3 Bxf3 19. Qxf3 Qxe5 20. Nc3 Bg5 21. Rb1 Rfd8 22. Qe4 Qxe4 23. Bxe4 Bf6 24. Nd5 Bd4 25. Rd2 Kf8 26. Rbd1 Ba7 27. Kf1 Rd6 28. Nb4 Rxd2 29. Rxd2 Rd8 30. Rxd8+ Nxd8 1/2-1/2

[Event "34th European Club Cup 2018"]
[Site "Halkidiki"]
[Date "2018.10.15"]
[Round "4"]
[White "Antipov, Mikhail Al."]
[Black "Seyb, Alexander"]
[Result "1-0"]
[WhiteElo "2593"]
[BlackElo "2411"]
[Annotator "TA"]
[PlyCount "45"]
[EventDate "2018.10.12"]
[EventType "team-tourn"]
[EventCountry "GRE"]
[SourceTitle "playchess.com"]
[Source "ChessBase"]
[SourceQuality "1"]
[WhiteTeam "Molodezhka"]
[BlackTeam "Berlin"]

1. d4 Nf6 2. Bg5 e6 3. e4 h6 4. Bxf6 Qxf6 5. c3 d6 6. Bd3 Qg6 7. g3 e5 8. Nf3 Bg4 9. Qb3 Nd7 10. Nh4 Qf6 11. Qxb7 Rb8 12. Qxc7 d5 13. h3 Bf3 14. O-O dxe4 15. Nxf3 Qxf3 16. Bc2 Be7 17. Bd1 Qd3 18. Ba4 O-O 19. Qxd7 e3 20. Qxe7 exf2+ 21. Kg2 e4 22. Rxf2 e3 23. Bc2 1-0